| 000 | 00401nam a2200157Ia 4500 | ||
|---|---|---|---|
| 999 |
_c94 _d94 |
||
| 003 | OSt | ||
| 005 | 20190927110528.0 | ||
| 008 | 190722s9999 xx 000 0 und d | ||
| 020 | _a978-9350144176 | ||
| 040 | _cmaju | ||
| 100 | _aDr.S.K.Bhatlacharya | ||
| 245 | 0 | _aElectrical and Electronic Engineering Materials and Components | |
| 260 |
_aDelhi _bWiley Sons _c2014 |
||
| 300 | _a239 | ||
| 942 |
_cBK _2ddc |
||